Primo libro di letture graduate, coll'aggiunta delle prime nozioni elementari di aritmetica e di geometria e della preparazione allo studio del catechismo : ad uso della prima classe elementare.

Gespeichert in:
Bibliographische Detailangaben
1. Verfasser: Troya, Vincenzo (VerfasserIn)
Format: Buch
Sprache:Italienisch
Erschienen: Genova : tip. del R.I. de' Sordo-muti, 1852
Katalog:EDISCO:  Suchergebnis im Bibliothekskatalog
Schulbuchspezifische Eigenschaften:
Schlagworte:
Tags: Tag hinzufügen
Keine Tags, Fügen Sie den ersten Tag hinzu!
Hinzugefügt zu:20.11.2005
Geändert in:25.07.2025

MARC

LEADER 00000nam a22000007i 4500
001 IT\ICCU\TO0\1452579
003 ItRI
005 20250725133345.0
008 051121s1852 it |||||| ||||| |||||c
040 |b ita  |c Polo_Uto 
041 7 |a ita  |2 ISO-639-2 
100 1 |a Troya, Vincenzo  |0 IT\ICCU\RAVV\076035  |4 Author  |9 19 
245 1 0 |a Primo libro di letture graduate, coll'aggiunta delle prime nozioni elementari di aritmetica e di geometria e della preparazione allo studio del catechismo :  |b ad uso della prima classe elementare. 
260 |a Genova :  |b tip. del R.I. de' Sordo-muti,  |c 1852 
300 |a 120 p. ;  |c 16 cm 
500 |a Nome dell'A. dalla pref. 
650 |a Italiano  |a Geometria  |9 336 
655 |a Libro di lettura  |a Catechismo  |9 116 
690 |a Elementare  |x Prima classe 
942 |2 ddc  |c BK 
981 1 |6 z01  |a i   |b xxxe  
982 1 |6 z01  |a n 
999 |c 26985  |d 26985 
999 |c edisco:26985  |d 26985